| 000 | 00751nam a22001577a 4500 | ||
|---|---|---|---|
| 003 | OSt | ||
| 005 | 20151025113522.0 | ||
| 008 | 151025b xxu||||| |||| 00| 0 eng d | ||
| 040 | _cRUA | ||
| 082 | _aAVM CHR 2013 B109 Or.1 | ||
| 100 |
_92854 _aCHRAV, VIREAK. |
||
| 245 | _aThe effect of mebendazole on gastrointestinal parasites of cattle in prey toteung commune sithor kandal district prey veng province, ប្រសិទ្ធភាព MEBENDAZOLE លើបរាសិតក្នុងក្រពះពោះវៀនគោ នៅឃុំព្រៃទទឹង ស្រុកស៊ីធរកណ្ដាល ខេត្តព្រៃវែង | ||
| 260 |
_aPhnom Penh _bRUA _c2013 |
||
| 300 |
_axi; 62p. _bill. _c29cm. |
||
| 942 |
_2ddc _cAVM |
||
| 999 |
_c2672 _d2672 |
||